[Event "Unive Open"]
[Site "Hoogeveen NED"]
[Date "2010.10.23"]
[Round "2"]
[White "Saravanan, V."]
[Black "Vroombout, Enrico"]
[Result "1-0"]
[WhiteTitle "IM"]
[WhiteElo "2408"]
[BlackElo "2147"]
[WhiteFideId "5000580"]
[BlackFideId "1008730"]
[EventDate "2010.10.22"]

1. Nf3 Nf6 2. c4 d6 3. d4 g6 4. Nc3 Bg7 5. e4 O-O 6. Be2 e5 7. Be3 h6 8. O-O Ng4
9. Bc1 Nc6 10. d5 Ne7 11. Ne1 f5 12. exf5 gxf5 13. h3 Nf6 14. f4 e4 15. Be3 Kh8
16. Nc2 Rg8 17. Qe1 Bd7 18. Rd1 Ng6 19. c5 Bf8 20. b4 Be7 21. Bd4 Kh7 22. Ne3
Qf8 23. c6 bxc6 24. dxc6 Bxc6 25. Nxf5 Nd5 26. Nxd5 Bxd5 27. Ne3 Nh4 28. Qc3 Rg3
29. Kh2 Qg8 30. Bg4 h5 31. Kxg3 hxg4 32. hxg4 1-0

[Event "Unive Open"]
[Site "Hoogeveen NED"]
[Date "2010.10.23"]
[Round "2"]
[White "Bijlsma, Nick"]
[Black "Bezemer, Arno"]
[Result "1-0"]
[BlackTitle "FM"]
[WhiteElo "2138"]
[BlackElo "2318"]
[WhiteFideId "1007041"]
[BlackFideId "1001396"]
[EventDate "2010.10.22"]

1. e4 c5 2. Nf3 d6 3. d4 cxd4 4. Nxd4 Nf6 5. Nc3 a6 6. f4 e5 7. Nf3 Nbd7 8. a4
Be7 9. Bd3 O-O 10. O-O exf4 11. Bxf4 Qb6+ 12. Kh1 Qxb2 13. Qe1 Qb6 14. Nd5 Nxd5
15. exd5 Bf6 16. Rb1 Qc7 17. Qg3 Ne5 18. Nxe5 Bxe5 19. Bxe5 dxe5 20. c4 Bd7 21.
a5 f5 22. Rb6 Rae8 23. Rc1 Qc8 24. c5 e4 25. Bb1 f4 26. Qc3 f3 27. gxf3 exf3 28.
Rg1 Re7 29. Rh6 Bf5 30. d6 f2 31. dxe7 fxg1=Q+ 32. Kxg1 Re8 33. Ba2+ Kh8 34. Qe5
Bg6 35. Rh4 Qd7 36. Rf4 Qd1+ 37. Kg2 Qc2+ 38. Rf2 Be4+ 39. Kg3 Qd3+ 40. Kh4 1-0

[Event "Unive Open"]
[Site "Hoogeveen NED"]
[Date "2010.10.23"]
[Round "2"]
[White "Tondivar, Babak"]
[Black "Van Der Veen, Jan"]
[Result "1/2-1/2"]
[WhiteTitle "FM"]
[WhiteElo "2302"]
[BlackElo "2131"]
[WhiteFideId "12501239"]
[BlackFideId "1005570"]
[EventDate "2010.10.22"]

1. d4 Nf6 2. c4 d6 3. g3 g6 4. Bg2 Bg7 5. Nf3 O-O 6. O-O c6 7. Nc3 Qa5 8. e4 Bg4
9. h3 Bxf3 10. Bxf3 e5 11. d5 cxd5 12. cxd5 Nbd7 13. Rb1 Rfc8 14. Be3 Qd8 15.
Qd2 a5 16. Rfc1 Nc5 17. Kg2 h5 18. b3 Bf8 19. a3 Be7 20. Qd1 Nfd7 21. h4 Nb6 22.
Be2 a4 23. bxa4 Nbxa4 24. Nxa4 Nxa4 25. Rxb7 Nc3 26. Qd3 Rxa3 27. Bb6 Qf8 28.
Bf1 Bd8 29. Qc2 Bxb6 30. Rxb6 Rc5 31. Qb2 Na4 32. Qxa3 Nxb6 33. Rb1 Nd7 34. Rb7
Nf6 35. Qf3 Kg7 36. Bb5 Rc2 37. Bd7 Nxd7 38. Rxd7 Rc8 39. Qa3 Rd8 40. Rc7 Kh8
41. Qa7 Rc8 42. Qb7 Rxc7 43. Qxc7 Kg7 44. f4 Kf6 45. fxe5+ Kxe5 46. Kf3 Kd4 47.
Qb6+ Kc4 48. Qa6+ Kd4 49. Qa4+ Kc5 50. Ke3 Qe7 51. Qa5+ Kc4 52. Qa6+ Kb3 53. Kd3
Kb4 54. Qb6+ Ka4 55. Qa6+ Kb4 56. Qb6+ 1/2-1/2

[Event "Unive Open"]
[Site "Hoogeveen NED"]
[Date "2010.10.23"]
[Round "2"]
[White "Afek, Yochanan"]
[Black "Hoffman, Ron"]
[Result "1-0"]
[WhiteTitle "IM"]
[WhiteElo "2269"]
[BlackElo "2123"]
[WhiteFideId "2800462"]
[BlackFideId "1007599"]
[EventDate "2010.10.22"]

1. e4 g6 2. d4 Bg7 3. Nc3 d6 4. Be3 a6 5. Qd2 b5 6. a4 b4 7. Nce2 a5 8. Ng3 Nd7
9. Nf3 c6 10. b3 c5 11. O-O-O cxd4 12. Nxd4 Bb7 13. Bc4 Ngf6 14. Bh6 O-O 15.
Ndf5 Bxh6 16. Qxh6 gxf5 17. Nxf5 Ne8 18. Rd3 Bxe4 19. Qg5+ Kh8 20. Rh3 Bxf5 21.
Qxf5 Nef6 22. Bd3 h5 23. Rxh5+ 1-0

[Event "Unive Open"]
[Site "Hoogeveen NED"]
[Date "2010.10.23"]
[Round "2"]
[White "Zuiderweg, Edwin"]
[Black "De Graaf, Dick"]
[Result "0-1"]
[WhiteElo "2044"]
[BlackElo "2225"]
[WhiteFideId "1012207"]
[BlackFideId "1005677"]
[EventDate "2010.10.22"]

1. e4 d6 2. d4 Nf6 3. Nc3 g6 4. f4 Bg7 5. Nf3 O-O 6. Be2 c5 7. Be3 Qa5 8. Qd2
Nc6 9. h3 cxd4 10. Nxd4 Nxd4 11. Bxd4 Nxe4 12. Nxe4 Qxd2+ 13. Nxd2 Bxd4 14. c3
Bg7 15. O-O d5 16. Bf3 e6 17. Nb3 Bd7 18. Nd4 Rfc8 19. Rac1 Rc4 20. Ne2 Rac8 21.
Rcd1 b5 22. g4 b4 23. f5 bxc3 24. b3 R4c5 25. Nc1 Bb5 26. Rfe1 c2 0-1

[Event "Unive Open"]
[Site "Hoogeveen NED"]
[Date "2010.10.23"]
[Round "2"]
[White "Overeem, Marc"]
[Black "Kollen, Zyon"]
[Result "0-1"]
[WhiteTitle "FM"]
[WhiteElo "2224"]
[BlackElo "2046"]
[WhiteFideId "1004972"]
[BlackFideId "1024256"]
[EventDate "2010.10.22"]

1. d4 Nf6 2. c4 g6 3. Nc3 Bg7 4. e4 O-O 5. Be3 d6 6. f3 c5 7. Nge2 Nc6 8. d5 Ne5
9. Ng3 h5 10. Be2 h4 11. Nf1 e6 12. Nd2 exd5 13. cxd5 a6 14. a4 Bd7 15. O-O b5
16. axb5 axb5 17. Rxa8 Qxa8 18. Bxb5 Bxb5 19. Nxb5 Qa6 20. Na3 Rb8 21. Qc2 h3
22. Ndc4 hxg2 23. Kxg2 Nfd7 24. Bf4 Nxc4 25. Nxc4 Nb6 26. Nd2 Na4 27. b3 Nc3 28.
Nc4 Nb5 29. Rf2 Bd4 30. Qa2 Qc8 31. Rd2 Bc3 32. Rc2 Ra8 0-1

[Event "Unive Open"]
[Site "Hoogeveen NED"]
[Date "2010.10.23"]
[Round "2"]
[White "Timmermans, Ivo"]
[Black "Van Foreest, Jorden"]
[Result "1/2-1/2"]
[WhiteElo "2209"]
[BlackElo "1954"]
[WhiteFideId "1002910"]
[BlackFideId "1039784"]
[EventDate "2010.10.22"]

1. d4 d5 2. c4 c6 3. Nf3 Nf6 4. Nc3 e6 5. Bg5 Be7 6. e3 O-O 7. Bd3 Nbd7 8. O-O
dxc4 9. Bxc4 b5 10. Bb3 a6 11. Qe2 Bb7 12. e4 h6 13. Bh4 c5 14. e5 Nh5 15. Bxe7
Qxe7 16. d5 Nf4 17. Qe4 Nxd5 18. Nxd5 exd5 19. Bxd5 Bxd5 20. Qxd5 Rfe8 21. Rfe1
Nf8 22. a4 Red8 23. Qc6 b4 24. Rac1 Ne6 25. Red1 Nf4 26. Qe4 Rxd1+ 27. Rxd1 Rd8
28. Rxd8+ Qxd8 29. h4 Ne6 30. Kh2 Nd4 31. Nd2 Qe8 32. h5 Qxa4 33. Qa8+ Kh7 34.
Qe4+ Kg8 35. Qa8+ Kh7 1/2-1/2

[Event "Unive Open"]
[Site "Hoogeveen NED"]
[Date "2010.10.24"]
[Round "3"]
[White "Rombaldoni, Axel"]
[Black "L'Ami, Erwin"]
[Result "1/2-1/2"]
[WhiteTitle "IM"]
[BlackTitle "GM"]
[WhiteElo "2453"]
[BlackElo "2624"]
[WhiteFideId "815837"]
[BlackFideId "1007998"]
[EventDate "2010.10.22"]

1. e4 e5 2. Nf3 Nc6 3. Bc4 Nf6 4. d3 Be7 5. O-O O-O 6. a4 d6 7. Re1 Be6 8. Nbd2
h6 9. a5 Rb8 10. c3 b5 11. axb6 axb6 12. Bb5 Bd7 13. Nf1 Ra8 14. Rxa8 Qxa8 15.
Ne3 Re8 16. Nf5 Nd8 17. Bxd7 Nxd7 18. Nxe7+ Rxe7 19. Nh4 Re6 20. Nf5 Kf8 21. Re3
Nc6 22. Rg3 Rg6 23. Rxg6 fxg6 24. Ne3 Ne7 25. g3 g5 26. b4 b5 27. Qb3 Nb6 28.
Qa3 Qc6 29. Bd2 Na4 30. c4 Nb6 31. Qa6 bxc4 32. Nxc4 Nxc4 33. Qxc4 g4 34. Kg2
Qxc4 35. dxc4 Ng8 36. h3 Nf6 37. f3 gxf3+ 38. Kxf3 Ke7 39. g4 Nd7 40. Be3 c5 41.
bxc5 dxc5 42. Kg3 Kd6 43. g5 hxg5 1/2-1/2

[Event "Unive Open"]
[Site "Hoogeveen NED"]
[Date "2010.10.24"]
[Round "3"]
[White "Kempinski, Robert"]
[Black "Battaglini, Gabriel"]
[Result "1-0"]
[WhiteTitle "GM"]
[BlackTitle "IM"]
[WhiteElo "2615"]
[BlackElo "2429"]
[WhiteFideId "1105663"]
[BlackFideId "621650"]
[EventDate "2010.10.22"]

1. d4 d5 2. c4 c6 3. e3 Nf6 4. Nf3 Bf5 5. Nc3 e6 6. Nh4 Bg6 7. Bd2 Nbd7 8. Nxg6
hxg6 9. Rc1 Bd6 10. Qb3 O-O 11. g3 Rb8 12. Bg2 Re8 13. O-O Bc7 14. Qc2 Nb6 15.
c5 Nbd7 16. b4 e5 17. b5 g5 18. Qa4 Re6 19. bxc6 bxc6 20. Rb1 e4 21. Rxb8 Bxb8
22. Rb1 g4 23. Rb7 Qc8 24. Qa6 Qe8 25. Ne2 Nh7 26. Nf4 Rh6 27. Ba5 Bxf4 28. gxf4
f5 29. Rc7 Ndf8 30. Rxa7 Qh5 31. Qb7 Qxh2+ 32. Kf1 Rg6 33. Qf7+ Kh8 34. Qxf5 Qh4
35. Ra8 Rf6 36. Bd8 Qxf2+ 37. Kxf2 Rxf5 38. Kg3 g6 39. a4 Kg7 40. a5 Ne6 41. Bb6 1-0

[Event "Unive Open"]
[Site "Hoogeveen NED"]
[Date "2010.10.24"]
[Round "3"]
[White "Nyzhnyk, Illya"]
[Black "Slingerland, Fred"]
[Result "1/2-1/2"]
[WhiteTitle "IM"]
[BlackTitle "IM"]
[WhiteElo "2538"]
[BlackElo "2411"]
[WhiteFideId "14118084"]
[BlackFideId "1002473"]
[EventDate "2010.10.22"]

1. e4 c5 2. Nf3 Nc6 3. d4 cxd4 4. Nxd4 Nf6 5. Nc3 d6 6. Bg5 e6 7. Qd2 a6 8.
O-O-O Bd7 9. f3 b5 10. Nxc6 Bxc6 11. Ne2 Be7 12. Nd4 Bb7 13. h4 Nd7 14. Bxe7
Qxe7 15. Nb3 d5 16. Na5 Nf6 17. e5 Ng8 18. Kb1 h5 19. Bd3 g6 20. g4 Qc7 21. Rde1
Ne7 22. Nb3 Nc6 23. Qf4 Qe7 24. g5 O-O 25. Nd4 b4 26. Nxc6 Bxc6 27. Qf6 Qxf6 28.
gxf6 Bb5 29. Rhg1 Kh7 30. Rd1 Rfc8 31. f4 Rc5 32. Bxb5 Rxb5 33. Rd4 a5 34. Rgd1 1/2-1/2

[Event "Unive Open"]
[Site "Hoogeveen NED"]
[Date "2010.10.24"]
[Round "3"]
[White "Perez Candelario, Manuel"]
[Black "Okkes, Menno"]
[Result "1-0"]
[WhiteTitle "IM"]
[BlackTitle "FM"]
[WhiteElo "2526"]
[BlackElo "2378"]
[WhiteFideId "2210622"]
[BlackFideId "1000756"]
[EventDate "2010.10.22"]

1. e4 c5 2. Nf3 Nc6 3. d4 cxd4 4. Nxd4 Nf6 5. Nc3 d6 6. Bg5 e6 7. Qd2 Qb6 8.
O-O-O Qxd4 9. Qxd4 Nxd4 10. Rxd4 a6 11. f3 Be7 12. Na4 Nd7 13. Bxe7 Kxe7 14. Be2
b5 15. Nc3 Ne5 16. a4 Nc6 17. Rd2 b4 18. Nd1 Na5 19. Ne3 Rb8 20. b3 Bb7 21. Kb2
Rbc8 22. Rd3 Rc6 23. Re1 Rhc8 24. Bf1 Rc5 25. h4 h5 26. Rd2 g5 27. hxg5 Rxg5 28.
Nd1 Nc6 29. Ne3 Na5 30. Bd3 Rcg8 31. Rh1 Nc6 32. Bf1 a5 33. Bb5 Na7 34. Rhd1
Nxb5 35. axb5 Rxb5 36. Rxd6 Bc8 37. Rc6 Kf6 38. Rc7 Rf8 39. Rd6 Ke5 40. Nc4+ Kf4
41. Nb6 Ba6 42. Ra7 Kg3 43. Nd7 Rd8 44. Rdxa6 Kxg2 45. Nf6 h4 46. Rxf7 h3 47.
Ng4 Rc5 48. Rxe6 h2 49. Rh6 h1=Q 50. Ne3+ Kg1 51. Rg7+ Kf2 52. Ng4+ Kg1 53. Ne3+
Kf2 54. Ng4+ Kg1 55. Ne3+ Kf2 56. Rxh1 Kxe3 57. Re1+ Kf2 58. Rgg1 Kxf3 59. Rgf1+
Kg2 60. Rf5 Rc3 61. Re2+ Kg3 62. e5 Rc5 63. Rf1 Re8 64. e6 Rc6 65. e7 Rc7 66.
Rf7 Kg4 67. Kc1 Rd7 68. Re1 Kg3 69. Kb2 Rc7 70. Kb1 Rb7 71. Re5 Kg4 72. Kb2 Ra7
73. Re1 Kg3 74. Rg1+ Kh2 75. Rgg7 Raa8 76. Rh7+ Kg3 77. Rh6 Rg8 78. Rhf6 1-0

[Event "Unive Open"]
[Site "Hoogeveen NED"]
[Date "2010.10.24"]
[Round "3"]
[White "Vocaturo, Daniele"]
[Black "Pavlovic, Milos"]
[Result "0-1"]
[WhiteTitle "GM"]
[BlackTitle "GM"]
[WhiteElo "2581"]
[BlackElo "2531"]
[WhiteFideId "813192"]
[BlackFideId "900389"]
[EventDate "2010.10.22"]

1. e4 e5 2. Nf3 Nc6 3. Bc4 Nf6 4. d3 Bc5 5. c3 a6 6. O-O Ba7 7. Nbd2 O-O 8. h3
d6 9. Bb3 h6 10. Re1 Re8 11. Nf1 Be6 12. Be3 Bxe3 13. Nxe3 Qd7 14. Nh4 Bxb3 15.
axb3 Qe6 16. Nhf5 Ne7 17. Nxe7+ Rxe7 18. c4 Ree8 19. Nf5 Kh7 20. d4 g6 21. d5
Qd7 22. Nh4 Qe7 23. g3 c6 24. Qd2 cxd5 25. exd5 b5 26. Kh2 Qc7 27. cxb5 axb5 28.
Rac1 Qd7 29. Rc6 Ra2 30. Ng2 Rea8 31. Rec1 R8a7 32. f3 Ra1 33. Ne3 h5 34. Qb4
Rxc1 35. Rxc1 Ra2 36. Rc2 Kg7 37. Qh4 Ra1 38. f4 e4 39. Qg5 Re1 40. Ng2 Qxh3+ 0-1

[Event "Unive Open"]
[Site "Hoogeveen NED"]
[Date "2010.10.24"]
[Round "3"]
[White "De Jong, Migchiel"]
[Black "Moskalenko, Viktor"]
[Result "0-1"]
[WhiteTitle "FM"]
[BlackTitle "GM"]
[WhiteElo "2397"]
[BlackElo "2580"]
[WhiteFideId "1002848"]
[BlackFideId "14100100"]
[EventDate "2010.10.22"]

1. Nf3 e6 2. g3 f5 3. Bg2 Nf6 4. O-O d5 5. d3 c6 6. Nc3 Bc5 7. e4 dxe4 8. dxe4
Qxd1 9. Rxd1 fxe4 10. Ng5 e3 11. Bxe3 Bxe3 12. fxe3 Ke7 13. Bh3 Na6 14. Rd2 Nc7
15. e4 e5 16. Bxc8 Raxc8 17. Rad1 Nb5 18. Nxb5 cxb5 19. Nf3 Rc5 20. b4 Rc4 21.
Nxe5 Rxe4 22. Nd7 Rc8 23. Nc5 Rxb4 24. Re2+ Kf7 25. Nxb7 Kg6 26. Nd6 Rc5 27. a3
Rb2 28. Rd4 a6 29. a4 bxa4 30. Rxa4 a5 31. Nc4 Rbb5 32. Kg2 h6 33. c3 Kh7 34.
Rea2 Nd5 35. Rxa5 Ne3+ 36. Nxe3 Rxa5 37. Rxa5 Rxa5 38. Kf3 Kg6 39. h4 Kf6 40.
Kf4 Ke6 41. c4 Re5 42. Kf3 Ra5 43. Ke4 Ra1 44. h5 Ra7 45. g4 Kf6 46. Kf4 Rf7 47.
Ke4 Kg5 48. c5 Re7+ 49. Kd4 Re6 50. Nc4 Kxg4 51. c6 Kxh5 52. Kd5 Re8 53. Nd6 Re7
54. Nb5 Kg4 55. c7 Rxc7 56. Nxc7 h5 57. Ke4 h4 58. Ke3 Kg3 59. Ne6 h3 60. Ng5 h2
61. Ne4+ Kg2 62. Nf2 g5 0-1

[Event "Unive Open"]
[Site "Hoogeveen NED"]
[Date "2010.10.24"]
[Round "3"]
[White "Ikonnikov, Vyacheslav"]
[Black "Raznikov, Danny"]
[Result "1/2-1/2"]
[WhiteTitle "GM"]
[BlackTitle "FM"]
[WhiteElo "2571"]
[BlackElo "2354"]
[WhiteFideId "4100972"]
[BlackFideId "2811154"]
[EventDate "2010.10.22"]

1. d4 d5 2. Nf3 Nf6 3. c4 c6 4. Nc3 a6 5. a4 e6 6. Bg5 a5 7. e3 Be7 8. Be2 Na6
9. O-O Nb4 10. Na2 Nd7 11. Bxe7 Qxe7 12. Nxb4 Qxb4 13. Qc2 O-O 14. Rfd1 Qe7 15.
e4 dxc4 16. Bxc4 b6 17. e5 Bb7 18. Ra3 Rfd8 19. Rad3 Nf8 20. h4 Rac8 21. Qb3 Qb4 1/2-1/2

[Event "Unive Open"]
[Site "Hoogeveen NED"]
[Date "2010.10.24"]
[Round "3"]
[White "Vedder, Henk"]
[Black "Sengupta, Deep"]
[Result "0-1"]
[BlackTitle "GM"]
[WhiteElo "2372"]
[BlackElo "2558"]
[WhiteFideId "1002872"]
[BlackFideId "5008352"]
[EventDate "2010.10.22"]

1. e4 e6 2. d4 d5 3. Nc3 Bb4 4. e5 c5 5. a3 Bxc3+ 6. bxc3 Ne7 7. Nf3 Qa5 8. Bd2
Nbc6 9. a4 Bd7 10. Qc1 h6 11. Qa3 c4 12. g3 O-O-O 13. Bg2 Kb8 14. O-O Nc8 15.
Rfb1 Ka8 16. Qb2 Qc7 17. Bc1 Nb8 18. Nd2 Bc6 19. Nf1 Na6 20. Ne3 Rd7 21. a5 h5
22. f4 h4 23. g4 h3 24. Bf3 f6 25. f5 fxe5 26. fxe6 Rdd8 27. dxe5 Rhf8 28. Bh1
Qxe5 29. Bd2 Rf2 30. Kxf2 Qxh2+ 31. Bg2 d4 0-1

[Event "Unive Open"]
[Site "Hoogeveen NED"]
[Date "2010.10.24"]
[Round "3"]
[White "L'Ami, Alina"]
[Black "Haslinger, Stewart G"]
[Result "1/2-1/2"]
[WhiteTitle "WGM"]
[BlackTitle "GM"]
[WhiteElo "2339"]
[BlackElo "2543"]
[WhiteFideId "1210246"]
[BlackFideId "405248"]
[EventDate "2010.10.22"]

1. d4 d5 2. c4 e6 3. Nf3 Nf6 4. Nc3 Nbd7 5. cxd5 exd5 6. Bg5 Be7 7. e3 c6 8. Qc2
O-O 9. Bd3 Re8 10. O-O Nf8 11. h3 g6 12. Rae1 Ne6 13. Bh6 Bd6 14. Ng5 Ng7 15. e4
dxe4 16. Bc4 Be6 17. Bxg7 Kxg7 18. Bxe6 fxe6 19. Ncxe4 Nxe4 1/2-1/2

[Event "Unive Open"]
[Site "Hoogeveen NED"]
[Date "2010.10.24"]
[Round "3"]
[White "Ernst, Sipke"]
[Black "Mellema, Andries"]
[Result "1-0"]
[WhiteTitle "GM"]
[WhiteElo "2587"]
[BlackElo "2153"]
[WhiteFideId "1004689"]
[BlackFideId "1011464"]
[EventDate "2010.10.22"]

1. d4 Nf6 2. c4 c5 3. d5 e6 4. Nc3 exd5 5. cxd5 d6 6. e4 g6 7. f4 Bg7 8. Bb5+
Nfd7 9. Nf3 O-O 10. O-O a6 11. Bd3 b5 12. a3 Nb6 13. f5 N8d7 14. Bg5 Qc7 15. Rc1
c4 16. Bc2 Qc5+ 17. Kh1 a5 18. Qe1 Ba6 19. Be3 Qc7 20. Nd4 Qb8 21. Nc6 Qc7 22.
Qh4 Bf6 23. Qf2 Nc8 24. Qg3 Ne5 25. Bh6 Ne7 26. Nd4 Nd7 27. Bxf8 Rxf8 28. Ndxb5
Bxb5 29. Nxb5 Qb6 30. fxg6 fxg6 31. Nxd6 1-0

[Event "Unive Open"]
[Site "Hoogeveen NED"]
[Date "2010.10.24"]
[Round "3"]
[White "Ulibin, Mikhail"]
[Black "Afek, Yochanan"]
[Result "1-0"]
[WhiteTitle "GM"]
[BlackTitle "IM"]
[WhiteElo "2544"]
[BlackElo "2269"]
[WhiteFideId "4101405"]
[BlackFideId "2800462"]
[EventDate "2010.10.22"]

1. e4 c5 2. Nf3 Nf6 3. e5 Nd5 4. Nc3 e6 5. Nxd5 exd5 6. d4 Nc6 7. dxc5 Bxc5 8.
Qxd5 d6 9. exd6 Qb6 10. Bc4 Bxf2+ 11. Ke2 O-O 12. Rd1 Bc5 13. Bf4 Be6 14. Qd3
Rad8 15. Bxe6 fxe6 16. Bg3 Qxb2 17. Rab1 Qxa2 18. Rxb7 Nb4 19. Qe4 Qa6+ 20. c4
Rf6 21. Be5 Rg6 22. Nh4 Rg4 23. Qxg4 Qxb7 24. Qxe6+ Kh8 25. Kf1 Nc2 26. Nf5 Rf8
27. Bf4 Nd4 28. Qe7 Qxe7 29. dxe7 Bxe7 30. Rxd4 Rxf5 31. Ke2 h6 32. g4 Ra5 33.
Rd7 Bb4 34. Rb7 Bc5 35. Rb5 Rxb5 36. cxb5 Kg8 37. Kd3 Kf7 38. Kc4 Bg1 39. Kd5
Kf6 40. h3 Ke7 41. Kc6 Ke6 42. Bb8 g6 43. Kb7 1-0

[Event "Unive Open"]
[Site "Hoogeveen NED"]
[Date "2010.10.24"]
[Round "3"]
[White "Pijpers, Arthur"]
[Black "Dvirnyy, Daniyyl"]
[Result "0-1"]
[BlackTitle "IM"]
[WhiteElo "2248"]
[BlackElo "2481"]
[WhiteFideId "1019554"]
[BlackFideId "817570"]
[EventDate "2010.10.22"]

1. e4 e6 2. d4 d5 3. Nc3 Bb4 4. e5 c5 5. a3 Bxc3+ 6. bxc3 Ne7 7. Qg4 Nbc6 8.
Qxg7 Rg8 9. Qxh7 cxd4 10. f4 Qa5 11. Ne2 dxc3 12. Rb1 b6 13. Qd3 Ba6 14. Qxc3
Qa4 15. Ng3 Bxf1 16. Kxf1 Rc8 17. Qb3 Qa5 18. Qd3 Rh8 19. Bd2 Qa4 20. Qb3 Qa6+
21. Qd3 Qa4 22. Qb3 Qa6+ 23. Qd3 Nb8 24. Qxa6 Nxa6 25. c3 Rc4 26. Ne2 Ra4 27.
Ra1 Nc6 28. Be3 Na5 29. Nd4 Nc4 30. Ke2 Nc5 31. Nc2 Nxe3 32. Kxe3 Rc4 33. Nd4
Rxc3+ 34. Ke2 Rc4 35. Ke3 Kd7 36. g3 Rc3+ 37. Ke2 a6 38. Nf3 Nb3 39. Rab1 b5 40.
Rhd1 Nc5 41. Rdc1 Ne4 42. Ra1 Rb3 43. Rc2 d4 44. Rcc1 Re3+ 0-1

[Event "Unive Open"]
[Site "Hoogeveen NED"]
[Date "2010.10.24"]
[Round "3"]
[White "Bellaiche, Anthony"]
[Black "Van Geffen, Ben"]
[Result "1-0"]
[WhiteTitle "IM"]
[WhiteElo "2445"]
[BlackElo "2171"]
[WhiteFideId "615668"]
[BlackFideId "1009370"]
[EventDate "2010.10.22"]

1. e4 e5 2. Nf3 Nc6 3. Bb5 Bc5 4. O-O Nd4 5. Nxd4 Bxd4 6. c3 Bb6 7. d4 c6 8. Ba4
d6 9. Qd3 Nf6 10. Bg5 h6 11. Bh4 Qe7 12. Nd2 O-O 13. Rae1 g5 14. Bg3 Nh5 15. Kh1
Bg4 16. Nc4 Bc7 17. Bc2 Rae8 18. a4 Qf6 19. Bd1 Bxd1 20. Qxd1 Nf4 21. dxe5 dxe5
22. Qf3 Rd8 23. Rd1 Qe6 24. Ne3 Rxd1 25. Rxd1 Rd8 26. h4 Rxd1+ 27. Qxd1 gxh4 28.
Bxh4 Kh7 29. Nf5 Qg6 30. g3 Qh5 31. f3 Ne6 32. Kg2 Qg6 33. Qd7 Qg8 34. Be7 Kg6
35. Bc5 Nxc5 36. Qxc7 Qf8 37. Qxe5 Nxa4 38. c4 Kh7 39. b4 Nb6 40. c5 Na4 41. Qa1
b5 42. cxb6 Nxb6 43. Qxa7 Nc8 44. Qd7 1-0

[Event "Unive Open"]
[Site "Hoogeveen NED"]
[Date "2010.10.24"]
[Round "3"]
[White "Bijlsma, Nick"]
[Black "Naroditsky, Daniel"]
[Result "1-0"]
[BlackTitle "FM"]
[WhiteElo "2138"]
[BlackElo "2425"]
[WhiteFideId "1007041"]
[BlackFideId "2026961"]
[EventDate "2010.10.22"]

1. e4 c5 2. Nf3 d6 3. d4 cxd4 4. Nxd4 Nf6 5. Nc3 a6 6. h3 e6 7. g4 b5 8. Bg2 Bb7
9. O-O b4 10. Nd5 exd5 11. exd5 Be7 12. g5 O-O 13. gxf6 Bxf6 14. a3 bxa3 15.
Rxa3 Nd7 16. Bf4 Ne5 17. Nc6 Qd7 18. Bxe5 dxe5 19. c4 Rfe8 20. Be4 g6 21. Qg4
Qd6 22. Rc1 Bxc6 23. dxc6 Qd2 24. Rd1 Qxb2 25. Rf3 h5 26. Qg2 Kg7 27. Rd6 Qc1+
28. Kh2 Bg5 29. h4 Bf4+ 30. Kh3 g5 31. hxg5 Qxc4 32. Rfd3 Re7 33. Qf3 Rh8 34.
Kh4 Qc1 35. Rd1 Qc4 36. Rd7 Rhe8 37. Rxe7 Rxe7 38. Qxh5 Re8 39. Qh6+ Kg8 40.
Bh7+ Kh8 41. Bd3+ 1-0

[Event "Unive Open"]
[Site "Hoogeveen NED"]
[Date "2010.10.24"]
[Round "3"]
[White "Hendriks, Willy"]
[Black "Hendriks, Richard"]
[Result "1-0"]
[WhiteTitle "IM"]
[WhiteElo "2424"]
[BlackElo "2110"]
[WhiteFideId "1000713"]
[BlackFideId "1006096"]
[EventDate "2010.10.22"]

1. e4 e5 2. Bc4 Nf6 3. d3 c6 4. Qe2 Be7 5. Nf3 O-O 6. Nbd2 d6 7. c3 Nbd7 8. Bb3
Nc5 9. Bc2 Ne6 10. Nf1 Nh5 11. g3 g6 12. Bh6 Re8 13. Ne3 Bf8 14. Bxf8 Nxf8 15.
d4 Qf6 16. O-O-O Bh3 17. Kb1 a5 18. Ng1 Bd7 19. h3 Qg7 20. Nf3 b5 21. Qd2 Rab8
22. Ng4 Bxg4 23. hxg4 Nf6 24. g5 N6d7 25. Nh2 b4 26. Ng4 bxc3 27. Qxc3 exd4 28.
Qxd4 Rb4 29. Nh6+ Kh8 30. Nxf7+ Kg8 31. Nh6+ Kh8 32. Nf7+ Kg8 33. Qxg7+ Kxg7 34.
a3 Rb6 35. Nxd6 Reb8 36. Nc4 Rb5 37. f4 Nb6 38. Nd6 Rc5 39. Rh2 Nc4 40. Nxc4
Rxc4 41. Rhd2 h6 42. gxh6+ Kxh6 43. Rd6 Rc5 44. e5 Kh5 45. Bxg6+ Kg4 46. Bf7
Kxg3 47. e6 Nxe6 48. Rxe6 Kxf4 49. Rf1+ Kg3 50. Rg6+ Kh2 51. Rf2+ Kh1 52. Re6
Kg1 53. Rd2 Kf1 54. Bg6 1-0

[Event "Unive Open"]
[Site "Hoogeveen NED"]
[Date "2010.10.24"]
[Round "3"]
[White "Kollen, Zyon"]
[Black "Ris, Robert"]
[Result "0-1"]
[BlackTitle "IM"]
[WhiteElo "2046"]
[BlackElo "2416"]
[WhiteFideId "1024256"]
[BlackFideId "1011480"]
[EventDate "2010.10.22"]

1. e4 e5 2. Nf3 Nc6 3. Bb5 Nf6 4. O-O Bc5 5. Nxe5 Nxe4 6. Qe2 Nxe5 7. Qxe4 Qe7
8. d4 Nc6 9. Qg4 h5 10. Qxg7 Bxd4 11. Qg3 h4 12. Qd3 Bg7 13. Nc3 Ne5 14. Qd1 c6
15. Re1 cxb5 16. f4 d6 17. fxe5 dxe5 18. Ne4 Be6 19. Bg5 f6 20. Be3 Rd8 21. Qe2
Bc4 22. Qf2 b6 23. Red1 Bd5 24. Nc3 Bc6 25. Rxd8+ Kxd8 26. Qe2 Bh6 27. Rd1+ Kc8
28. Bxh6 Rxh6 29. Qg4+ Kb7 30. Ne4 Rh8 31. Nd6+ Kb8 32. b4 Rd8 33. Nf5 Rxd1+ 34.
Qxd1 Qxb4 35. Qd8+ Kb7 36. Nd6+ Ka6 37. Qxf6 Qd4+ 38. Kf1 Qd1+ 0-1

[Event "Unive Open"]
[Site "Hoogeveen NED"]
[Date "2010.10.24"]
[Round "3"]
[White "Warmelink, Evie"]
[Black "Saravanan, V."]
[Result "0-1"]
[BlackTitle "IM"]
[WhiteElo "1977"]
[BlackElo "2408"]
[WhiteFideId "1028154"]
[BlackFideId "5000580"]
[EventDate "2010.10.22"]

1. e4 c5 2. Nc3 d6 3. g3 Nc6 4. Bg2 g6 5. d3 Bg7 6. f4 e6 7. Nf3 Nge7 8. O-O O-O
9. Be3 b6 10. Qd2 Bb7 11. Rae1 Qd7 12. g4 d5 13. Bf2 dxe4 14. Nxe4 f5 15. gxf5
Nxf5 16. Bxc5 bxc5 17. Nxc5 Qc8 18. Nxb7 Qxb7 19. Rxe6 Nd8 20. Ng5 Qxb2 21. Bxa8
Nxe6 22. Nxe6 Qb6+ 23. Kh1 Qxe6 24. Bg2 Qxa2 25. Re1 Kh8 26. Qd1 a5 27. c4 a4
28. c5 a3 29. Re2 Qf7 30. Qa4 Nd4 31. Rf2 Qb3 32. Qxb3 Nxb3 33. Bd5 Nxc5 0-1